|
|
|
|
| LEADER |
01501nam a2200253 a 4500 |
| 003 |
GR-PaULI |
| 005 |
20210318102624.0 |
| 008 |
190725s2004 gr e b||| 001 0 eng d |
| 952 |
|
|
|0 0
|1 0
|2 ddc
|4 0
|6 938_000000000000000_ΠΑΠ
|7 0
|9 234340
|a LISA
|b LISA
|c BSC
|d 2019-07-26
|i 1113
|l 0
|o 938 ΠΑΠ
|p 025000263473
|r 2019-07-26 00:00:00
|t 1
|w 2019-07-26
|y BK15
|
| 999 |
|
|
|c 142151
|d 142151
|
| 020 |
|
|
|a 9607905199
|
| 040 |
|
|
|a GR-PaULI
|b gre
|c GR-PaULI
|d GR-AiPI
|e AACR2
|
| 082 |
0 |
4 |
|a 938
|2 23
|
| 100 |
1 |
|
|9 77321
|a Παπαγεωργιάδου - Μπάνη, Χαρίκλεια.
|e συγγραφέας.
|
| 245 |
1 |
4 |
|a The numismatic iconography of the roman colonies in Greece :
|b local spirit and the expression of imperial policy /
|c Harikleia Papageorgiadou - Bani with the contibution of Athina Iakovidou ; μετάφραση Elizabeth Key Fowden.
|
| 260 |
|
|
|a Athens :
|b Κέντρον Ελληνικής και Ρωμαϊκής Αρχαιότητος, Εθνικόν Ίδρυμα Ερευνών,
|c 1996.
|
| 300 |
|
|
|a 161 σ. :
|b σχ. ;
|c 24 εκ.
|
| 490 |
1 |
|
|a Μελετήματα ΚΕΡΑ / ΕΙΕ ;
|v 39
|
| 504 |
|
|
|6 Περιλαμβάνει βιβλιογραφικές αναφορές (σ. 146-157) και ευρετήριο.
|
| 650 |
|
4 |
|a Νομίσματα, Αρχαία
|z Ελλάδα
|9 177413
|
| 700 |
1 |
|
|9 177414
|a Ιακωβίδου, Αθηνά.
|e συγγραφέας.
|
| 700 |
1 |
|
|9 128171
|a Fowden, Elizabeth Key
|d 1964-
|e μεταφράστρια.
|
| 942 |
|
|
|2 ddc
|c BK15
|
| 998 |
|
|
|c ΜΙΧΟΣΤΑΥΡΟΥ
|d 2019-07
|